Normal view
MARC view
- Biblarz, Oscar Sutton, George P
Entry Personal Name
001 - CONTROL NUMBER
- control field: 58466
003 - CONTROL NUMBER IDENTIFIER
- control field: NUST
005 - DATE AND TIME OF LATEST TRANSACTION
- control field: 20210628202141.0
008 - FIXED-LENGTH DATA ELEMENTS
- fixed length control field: 210628|| aca||aabn | a|a d
040 ## - CATALOGING SOURCE
- Original cataloging agency: NUST
- Transcribing agency: NUST
100 ## - HEADING--PERSONAL NAME
- Personal name: Biblarz, Oscar Sutton, George P
670 ## - SOURCE DATA FOUND
- Source citation: Work cat.: (NUST): Biblarz, Oscar Sutton, George P, Rocket propulsion elements, 2001
